Statistics for 5 Letter C Words (Photos)

Click here to take the quiz!

General Stats

  • This quiz has been taken 96 times
  • The average score is 16 of 20

Answer Stats

Answer% Correct
Chick
99%
Cloud
99%
Crown
98%
Chess
96%
Cough
96%
Crowd
94%
Chalk
93%
Cigar
89%
Cheek
88%
Cheer
88%
Cliff
86%
Chile
85%
Couch
84%
Candy
81%
Choir
79%
Cabin
74%
Crawl
74%
China
73%
Count
50%
Crane
13%

Score Distribution

Percentile by Number Answered

Percent of People with Each Score

Your Score History

You have not taken this quiz